000 00867pam a2200253 i 4500
999 _c1495
_d1495
001 4138144
005 20170504115226.0
008 770317s1977 nyua b 001 0 eng
010 _a 77004393
020 _a0841903115.
_a0841903123
040 _aDLC
_cDLC
_dDLC
043 _afw-----
050 0 0 _aDT476.2
_b.I84 1977
082 0 0 _a966
100 1 _aIsichei, Elizabeth Allo.
_98973
245 1 0 _aHistory of West Africa since 1800 /
_cElizabeth Isichei.
260 _aNew York :
_bAfricana Pub. Co.,
_c1977.
300 _axii, 380 p. :
_bill. ;
_c23 cm.
504 _aIncludes bibliographical references and index.
651 0 _aAfrica, West
_xHistory.
_917637
906 _a7
_bcbc
_corignew
_d1
_eocip
_f19
_gy-gencatlg
942 _2lcc
_cMONOGRAPH